000 00754nam a2200229 i 4500
001 13264
003 ES-MaACL
005 20231129150032.0
007 t|
008 980115s1997 sp ||||1| spa d
020 _a84-8163-114-0
080 _a860-14"19"
100 1 _aTrujillo, José Ramón.
_9111567
245 1 0 _aArte del olvido /
_cJosé Ramón Trujillo.
260 _aHuelva :
_bDiputación,
_cD.L. 1997.
300 _a68 p. ;
_c20 cm.
490 1 _aColección Juan Ramón Jiménez Poesía ;
_v29
710 1 _aHuelva (Provincia).
_bDiputación Provincial.
_94624
830 0 _aColección de poesía "Juan Ramón Jiménez"
_v29
_9228424
852 _aES-MaACL
_jL-20576
_bR.126325
_q. - Ded. autógr. del autor
999 _c13264
_d13264